00000000nam 2200000zi 4500
0019.946899
003CaOODSP
00520250121091710
006m     o  d f      
007cr mn|||||||||
008250115m20102013onca    ou   f001 0 eng d
020 |z0660199757
040 |aCaOODSP|beng|erda|cCaOODSP
043 |an-cn---
0861 |aNR24-28/2010E-PDF|zNR20-2/1-2010E
24500|aNational Building Code of Canada 2010 / |cissued by the Canadian Commission on Building and Fire Codes.
24617|aNational Building Code of Canada 2010. |pVolume 1
24617|aNational Building Code of Canada 2010. |pVolume 2
250 |aThirteenth edition 2010, third printing includes revisions and errata released on December 21, 2012 and October 31, 2013.
264 1|aOttawa : |bNational Research Council of Canada, |c2010-2013.
264 4|c©2010
300 |a1 online resource (1 volume (various pagings)) : |billustrations
336 |atext|btxt|2rdacontent
337 |acomputer|bc|2rdamedia
338 |aonline resource|bcr|2rdacarrier
500 |aCover title.
500 |aIncludes index.
500 |aThe catalogue number (NR20-2/1-2010E) and ISBN (0660199757) for the print edition have been copied in this electronic publication.
500 |aIssued also in French under title: Code national du bâtiment - Canada, 2010.
520 |a"The National Building Code of Canada sets out technical provisions for the design and construction of new buildings. It also applies to the alteration, change of use and demolition of existing buildings"--Preface, page v.
650 0|aBuilding laws|zCanada.
650 0|aBuildings|xStandards|zCanada.
7102 |aCanadian Commission on Building and Fire Codes, |eissuing body.
77508|tCode national du bâtiment - Canada, 2010 / |w(CaOODSP)9.946901
794 |tNational building code of Canada 2015.|w(CaOODSP)9.804878
795 |tNational Building Code of Canada 2005 / |w(CaOODSP)9.946822
85640|qPDF|s18.4 MB|uhttps://publications.gc.ca/collections/collection_2025/cnrc-nrc/NR24-28-2010-eng.pdf
986 |a53301